PC Hardware: A beginners guide (Record no. 218)

MARC details
000 -LEADER
fixed length control field 00432nam a22001697a 4500
005 - DATE AND TIME OF LATEST TRANSACTION
control field 20180203123421.0
008 - FIXED-LENGTH DATA ELEMENTS--GENERAL INFORMATION
fixed length control field 160429b xxu||||| |||| 00| 0 eng d
020 ## - INTERNATIONAL STANDARD BOOK NUMBER
ISBN 0-07-044736-5
041 ## - LANGUAGE CODE
Language code of text/sound track or separate title eng
082 ## - DEWEY DECIMAL CLASSIFICATION NUMBER
Item number 00738
Classification number 004.028
100 ## - MAIN ENTRY--AUTHOR NAME
Personal name Gilster, Ron
245 ## - TITLE STATEMENT
Title PC Hardware: A beginners guide
260 ## - PUBLICATION, DISTRIBUTION, ETC. (IMPRINT)
Place of publication New Delhi
Name of publisher Tata MC Graw Hill,
Year of publication 2004
300 ## - PHYSICAL DESCRIPTION
Number of Pages 651
650 ## - SUBJECT ADDED ENTRY--TOPICAL TERM
Topical Term Information Technology
942 ## - ADDED ENTRY ELEMENTS (KOHA)
Koha item type Books
Holdings
Lost status Damaged status Collection code Home library Current library Shelving location Date acquired Full call number Accession Number Koha item type
    CS/IT JRU Library JRU Library SHELF-75-M 29/04/2016 00738 00738 Books